| 000 | 00518 a2200169 4500 | ||
|---|---|---|---|
| 020 | _a8176562807 | ||
| 040 |
_aDLC _bDLC |
||
| 082 | 0 | 0 | _a005.133 |
| 100 | 1 | _aAllen, Mitch. | |
| 245 | 1 | 0 |
_aHands on JavaBeans _cMitch Allen, John B. Harvie. |
| 260 |
_aRocklin, CA : _bPrima Pub., _cc1997. |
||
| 300 |
_axxiv, 447 p. : _bill. ; _c24 cm. + _e1 computer laser optical disc (4 3/4 in.) |
||
| 500 | _aIncludes index. | ||
| 650 | 0 | _aJava (Computer program language) | |
| 700 | 1 | _aHarvie, John B. | |
| 942 |
_cBK _k005.133 ALL _2ddc |
||
| 999 |
_c5794 _d5794 |
||